| 000 | 00408nam a2200169Ia 4500 | ||
|---|---|---|---|
| 008 | 221030s9999 xx 000 0 und d | ||
| 020 | _a8173196923 | ||
| 041 | _aEnglish | ||
| 082 | _a105.23 | ||
| 100 | _aG. S. Sodhi | ||
| 245 | 0 | _afundamental concepts of Environmental Chemistry | |
| 250 | _a2nd | ||
| 260 |
_bNarosa Pub. House _aNew Delhi _c2006 |
||
| 300 | _a537 | ||
| 650 | _aChemistry | ||
| 942 | _cBK | ||
| 999 |
_c5831 _d5831 |
||